Catalogue de la Bibliothèque de l'ENSA

Handbook of econometrics (notice nᵒ 26465)

détails MARC
000 -LEADER
fixed length control field 00530nam a2200193Ia 4500
005 - DATE AND TIME OF LATEST TRANSACTION
control field 20180315061204.0
020 ## - ISBN
ISBN 978-0-444-50631-3
037 ## - SOURCE D'ACQUISITION
Cote BC_699 25/6A
040 ## - SOURCE DU CATALOGAGE
Origine cataloguage BC-ENSA
Langue du catalogage fre
041 ## - CODE DE LANGUE
Langue Français
100 ## - VEDETTE PRINCIPALE - AUTEUR PRINCIPAL
Auteur HECKMAN, James J.
245 ## - MENTION DU TITRE
Titre Handbook of econometrics
Volume vol. 6A
260 ## - PUBLICATION, DIFFUSION, ETC. (ADRESSE BIBLIOGRAPHIQUE)
Nom de l'éditeur Elsevier
Lieu d'édition Amsterdam
Année d'édition 2007
300 ## - DESCRIPTION MATÉRIELLE
Illustration ill.
Nombre de pages 4775 p.
Format 25 cm
562 ## - NOTE D'IDENTIFICATION DES EXEMPLAIRES ET VERSIONS
Numbre d' exemplaire 01 exemplaire(s)
942 ## - ADDED ENTRY ELEMENTS (KOHA)
Type document Ouvrage
490 ## - MENTION DE COLLECTION
Titre Collection Handbooks in Economics
N° Collection 2
653 ## - DESCRIPTEUR LIBRE
Mots clés libres ÉCONOMÉTRIE/MODÈLE/ANALYSE ECONOMIQUE
Exemplaires
statut de retrait Statut emplacement permanent Localisation actuelle Cote code à barre Koha type d'élément
    Bibliothèque Centrale Bibliothèque Centrale BC_699 25/6A BC_699 25/6A Ouvrage

Adresse: Ecole Nationale Supérieure Agronomique Hassen Badi - El Harrach Alger, Algérie

Tél +213 (0) 23 82 85 07+213 (0) 23 82 85 12 Fax +213 23 82 85 03/04 Courriel: bibliotheque@edu.ensa.dz